000 00686nam a22001337a 4500
040 _cRUA
082 _aAGR SUO 2009 B472 Or.1
100 _aSUON RATHA; សួន រដ្ឋា
245 _aControl of flea beetle on chinese kale under royal university of agriculture condition; ការគ្រប់គ្រងសត្វទៀកគូលើដំណាំខាត់ណាក្នុងល័ក្ខ័ណ សាកលវិទ្យាល័យភូមិន្ទកសិកម្ម
260 _aPhnom Penh
_bRUA
_c2009
300 _axii;53p.
_bill.
_c29cm.
856 _uhttps://drive.google.com/file/d/1L4xRbD7vb9rcSKYCbs069d6oG0Vri4HU/view?usp=sharing
942 _cAGR
999 _c7932
_d7932